000 00729nam a2200265 i 4500
001 C2-0141574
003 PPAK
005 20180727125300.0
008 980104s1994 my a|||| ||||| | eng d
020 _a9830410056
040 _aPPAK
_beng
_cPPAK
_erda
082 0 4 _a398.21
_223
090 0 0 _a398.21
_bERS
_dK
100 0 _aErshad,
_eauthor
245 1 0 _aFung Hsuen
264 1 _aKuala Lumpur :
_bHasrat Pelajar ,
_c1994
300 _a22 pages :
_billustrations ;
_c22 cm
336 _2rdacontent
_atext
337 _2rdamedia
_aunmediated
338 _2rdacarrier
_avolume
490 1 _aWorld best selected fairy tales
650 1 0 _aFairy tales, English
830 0 _aWorld best selected fairy tales
942 _ddc
_cB
999 _c44200
_d44200